Príprava a charakterizácia hierarchicky štruktúrovaných zeolitov typu ZSM-5 diplomová práca

Na minha lista:
Detalhes bibliográficos
Autor principal: Mikolaj, Pavol
Formato: Livro
Idioma:eslovaco
Publicado em: Bratislava STU FCHPT 2019
Acesso em linha:View in OPAC
Tags: Adicionar Tag
Sem tags, seja o primeiro a adicionar uma tag!

MARC

LEADER 00000nam a2200000 a 4500
005 20260127134201.0
008 190627 2019 xo a 001 0 slo d
035 |a vtls011874192 
039 9 |y 201906271213  |z mschk03 
040 |a STUSCHK1  |b slo  |c STUSCHK1  |e AACR2 
100 1 |a Mikolaj, Pavol 
245 1 |a Príprava a charakterizácia hierarchicky štruktúrovaných zeolitov typu ZSM-5  |b diplomová práca  |c Pavol Mikolaj 
260 |a Bratislava  |b STU FCHPT  |c 2019 
300 |a 71 s.  |b Obr., tab.  |c 25 cm 
500 |a Študijný program: chemické technológie 
500 |a Študijný odbor: chemické technológie 
500 |a Školiace pracovisko: Oddelenie organickej technológie, katalýzy a ropy 
500 |a Evid. číslo: FCHPT-5439-76407 
910 |a SCHK95 
999 |c 6097  |d 6097